000 00980nam a22003017a 4500
001 00611
003 DO-SdBPM
005 20250825114102.0
007 ta
008 160701b2006 pe |||| 00| 0 spa d
020 _a9789972847899
040 _a DO-SdBPM
_bspa
_cBPMSU
_erda
082 4 _a813.5
_bL999c 2006
_222
100 1 _aL'Engle, Madeleine,
_d1918-2007
_e autor
245 1 0 _aCamila /
_cMadeleine L'Engle ; dirección editorial Mercedes González ; edición María Higueras Díez
264 _aPerú :
_bSantillana,
_c2006.
300 _a197 páginas :
_c22 cm.
336 _atexto
_btxt
_2rdacontent
337 _asin mediación
_bn
_2rdamedia
338 _avolumen
_bnc
_2rdacarrier
490 0 _aAlfaguara juvenil ;
_aRoja
590 _aInvetariado, 2025/VM
650 7 _a Novela juvenil estadounidense
700 1 _aGonzález, Mercedes,
_eeditor
700 1 _aHigueras Díez, María,
_eeditor
910 _aVMateo V. Control de calidad. BPMSU
942 _2ddc
_cBK
999 _c10648
_d10648